000
00286 a2200145 4500
001
169184
020
_a
040
_c
Magnum
100
_a
Border, Rosemary
240
1
0
_a
The piano
_l
ING
245
1
0
_a
The piano
362
0
_a
1899
697
_a
LITERATURA ESTRANGEIRA
942
_c
BK
999
_c
169184
_d
169184